000 00974nam a2200205Ii 4500
003 JO-AjNU
008 230605s9999||||xx |||||||||||||| ||und||
017 _a2007/12/3673
040 _aJO-AjNU
_bara
_erda
_cJO-AjNU
041 _aara
050 1 4 _aDS244.5.H87.K42 2007
100 3 _aالخطيب، جبر محمد مذيب,
_eauthor
_949428
245 0 0 _aالعروبة والإسلام في خطاب الحسين بن علي (1908-1931)
264 3 1 _aعمان: وزارة الثقافة، 2007
300 _a319ص
_bاصدارات اربد مدينة الثقافة الاردنية، 2007 ، في الاصل رسالة ماجستير
336 _atext
_btxt
_2rdacontent
337 _aunmediated
_bn
_2rdamedia
338 _avolume
_bnc
_2rdacarrier
650 4 _aالثورة العربية الكبرى - الجزيرة العربية - الاحوال السياسية - مقالات ومحاضرات - الحسن بن علي - شريف مكة - 1854-1931م
_949429
999 _aA21709
_c25277
_d25277